Hélio Oiticica : (Record no. 1179)

MARC details
000 -LEADER
campo de control de longitud fija 01103nam a22002297a 4500
008 - DATOS DE LONGITUD FIJA--INFORMACIÓN GENERAL
campo de control de longitud fija 170506s2001 gw||||| |||| 00| 0 eng d
020 ## - NÚMERO INTERNACIONAL ESTÁNDAR DEL LIBRO
Número Internacional Estándar del Libro 3775710957
082 04 - NÚMERO DE LA CLASIFICACIÓN DECIMAL DEWEY
Número de clasificación 708
Número de ítem B327h
100 1# - ENTRADA PRINCIPAL--NOMBRE DE PERSONA
Nombre de persona Basualdo, Carlos.
9 (RLIN) 5785
245 10 - MENCIÓN DEL TÍTULO
Título Hélio Oiticica :
Resto del título quasi-cinemas /
Mención de responsabilidad, etc. curaduría por Carlos Basualdo.
250 ## - MENCION DE EDICION
Mención de edición 1a ed.
260 ## - PUBLICACIÓN, DISTRIBUCIÓN, ETC.
Lugar de publicación, distribución, etc. Alemania :
Nombre del editor, distribuidor, etc. Kölnischer Kunstverein; New Museum of Contemporary Art, Wexner Center for the Arts,
Fecha de publicación, distribución, etc. 2001.
300 ## - DESCRIPCIÓN FÍSICA
Extensión 160 p.
Otras características físicas il. col.
500 ## - NOTA GENERAL
Nota general Catálogo publicado con motivo a la exposición "Hélio Oiticica: Quasi-cinemas", presentada en: -Wexner Center for the Arts, del 18 de setiembre al 30 de diciembre de 2001 -Kölnischer Kunstverein, del 16 de febrero al 7 de abril de 2002 -Whitechapel Gallery, del 27 de abril al 23 de junio de 2002 -New Museum of Contemporary Art, del 25 de julio al 5 de octubre del 2002.
653 10 - TÉRMINO DE INDIZACIÓN--NO CONTROLADO
Término no controlado Arte contemporáneo
653 10 - TÉRMINO DE INDIZACIÓN--NO CONTROLADO
Término no controlado Catálogo de exhibición
653 10 - TÉRMINO DE INDIZACIÓN--NO CONTROLADO
Término no controlado Exhibición itinerante
653 10 - TÉRMINO DE INDIZACIÓN--NO CONTROLADO
Término no controlado Artistas plásticos
653 10 - TÉRMINO DE INDIZACIÓN--NO CONTROLADO
Término no controlado Arte - Brasil
653 10 - TÉRMINO DE INDIZACIÓN--NO CONTROLADO
Término no controlado Instalación
653 10 - TÉRMINO DE INDIZACIÓN--NO CONTROLADO
Término no controlado Arte Latinoamericano
Holdings
Estatus retirado Estado de pérdida Fuente del sistema de clasificación o colocación Estado de daño No para préstamo Biblioteca de origen Biblioteca actual Ubicación en estantería Fecha de adquisición Total de préstamos Signatura topográfica completa Código de barras Visto por última vez Precio de reemplazo Tipo de ítem Koha
    Clasificación Decimal Dewey     Biblioteca LadoV Biblioteca LadoV   06/05/2017   708 B327h 000916 06/05/2017 06/05/2017 Material 01